[Event "FIDE Open Sachove Univerzity QCC"]
[Site "Ceske Budejovice"]
[Date "2020.07.03"]
[Round "3.28"]
[White "Kral, Ladislav"]
[Black "Gorej, Jan"]
[Result "1-0"]
[WhiteElo "1493"]
[BlackElo "1247"]
[Annotator "NA"]
[PlyCount "83"]
[EventDate "2020.07.01"]
[EventType "swiss"]
[EventCountry "CZE"]
[SourceTitle "playchess.com"]
[Source "ChessBase"]
[SourceQuality "1"]
[TimeControl "40/5400+30:1800+30"]

1. e4 {[%emt 0:00:00]} e5 {[%emt 0:03:35]} 2. Nc3 {[%emt 0:02:15]} Nf6 {[%emt 0:06:59]} 3. f4 {[%emt 0:00:14]} Nc6 {[%emt 0:01:49]} 4. fxe5 {[%emt 0:00:08]} Nxe5 {[%emt 0:00:30]} 5. d4 {[%emt 0:00:07]} Nc6 {[%emt 0:01:53]} 6. e5 {[%emt 0:00:31]} Ng8 {[%emt 0:00:34]} 7. Nf3 {[%emt 0:00:23]} d5 {[%emt 0:02:17]} 8. Bb5 {[%emt 0:08:22]} Bb4 {[%emt 0:02:57]} 9. O-O {[%emt 0:01:11]} Nge7 {[%emt 0:04:31]} 10. Bg5 {[%emt 0:03:52]} O-O {[%emt 0:06:03]} 11. Bd3 {[%emt 0:11:18]} h6 {[%emt 0:07:11]} 12. Bh4 {[%emt 0:09:17]} Bg4 {[%emt 0:02:24]} 13. Be2 {[%emt 0:05:41]} Qd7 {[%emt 0:01:28]} 14. Bf2 {[%emt 0:04:45]} Ng6 {[%emt 0:11:40]} 15. Be3 {[%emt 0:05:01]} Nce7 {[%emt 0:05:55]} 16. Nd2 {[%emt 0:03:30]} Be6 {[%emt 0:02:07]} 17. Bd3 {[%emt 0:03:36]} Nf5 {[%emt 0:08:39]} 18. Qe1 {[%emt 0:04:36]} Nxe3 {[%emt 0:01:26]} 19. Qxe3 {[%emt 0:00:08]} Rac8 {[%emt 0:01:03]} 20. Ne2 {[%emt 0:01:48]} Be7 {[%emt 0:06:51]} 21. Nf3 {[%emt 0:02:17]} c5 {[%emt 0:05:28]} 22. c3 {[%emt 0:00:49]} c4 {[%emt 0:01:47]} 23. Bc2 {[%emt 0:00:15]} f5 {[%emt 0:01:23]} 24. Nf4 {[%emt 0:02:35]} Nxf4 {[%emt 0:02:57]} 25. Qxf4 {[%emt 0:00:21]} g5 {[%emt 0:01:16]} 26. Qc1 {[%emt 0:04:10]} Kg7 {[%emt 0:04:11]} 27. Qe1 {[%emt 0:00:52]} g4 {[%emt 0:00:53]} 28. Nd2 {[%emt 0:02:02]} h5 {[%emt 0:00:18]} 29. Qe2 {[%emt 0:03:01]} Bh4 {[%emt 0:01:18]} 30. g3 {[%emt 0:00:35]} Bg5 {[%emt 0:02:12]} 31. Rf2 {[%emt 0:01:51]} Rh8 {[%emt 0:00:12]} 32. Raf1 {[%emt 0:01:26]} Rcf8 {[%emt 0:00:31]} 33. b3 {[%emt 0:02:44]} b5 {[%emt 0:00:10]} 34. b4 {[%emt 0:04:29]} Rf7 {[%emt 0:00:20]} 35. h3 {[%emt 0:01:11]} h4 {[%emt 0:01:34]} 36. hxg4 {[%emt 0:03:04]} hxg3 {[%emt 0:00:02]} 37. Rg2 {[%emt 0:01:28]} Rh3 {[%emt 0:00:12]} 38. gxf5 {[%emt 0:00:51]} Bxf5 {[%emt 0:02:26]} 39. Bxf5 {[%emt 0:05:00]} Rxf5 {[%emt 0:00:03]} 40. e6 {[%emt 0:01:17]} Rxf1+ {[%emt 0:02:21]} 41. Nxf1 {[%emt 0:30:55]} Qd6 {[%emt 0:04:10]} 42. Qg4 {[%emt 0:00:00]} 1-0

[Event "FIDE Open Sachove Univerzity QCC"]
[Site "Ceske Budejovice"]
[Date "2020.07.03"]
[Round "3.29"]
[White "Finek, Vaclav"]
[Black "Bara, Jan"]
[Result "1/2-1/2"]
[WhiteElo "2210"]
[BlackElo "1128"]
[Annotator "ChessBase"]
[PlyCount "62"]
[EventDate "2020.07.01"]
[EventType "swiss"]
[EventCountry "CZE"]
[SourceTitle "playchess.com"]
[Source "ChessBase"]
[SourceQuality "1"]
[TimeControl "40/5400+30:1800+30"]

1. e4 {[%emt 0:01:44]} e6 {[%emt 0:00:00]} 2. d4 {[%emt 0:00:06]} d5 {[%emt 0:00:06]} 3. exd5 {[%emt 0:00:09]} exd5 {[%emt 0:00:02]} 4. Bd3 {[%emt 0:00:14]} Nf6 {[%emt 0:00:17]} 5. h3 {[%emt 0:00:21]} c5 {[%emt 0:00:14]} 6. dxc5 {[%emt 0:00:59]} Bxc5 {[%emt 0:00:11]} 7. Nf3 {[%emt 0:00:16]} Nc6 {[%emt 0:00:21]} 8. O-O {[%emt 0:00:06]} O-O {[%emt 0:00:12]} 9. c3 {[%emt 0:05:22]} Be6 {[%emt 0:07:56]} 10. Bg5 {[%emt 0:01:40]} h6 {[%emt 0:13:55]} 11. Bh4 {[%emt 0:01:01]} g5 {[%emt 0:07:21]} 12. Bg3 {[%emt 0:04:12]} Ne4 {[%emt 0:02:33]} 13. Bxe4 {[%emt 0:28:09]} dxe4 {[%emt 0:00:40]} 14. Ne5 {[%emt 0:00:09]} Nxe5 {[%emt 0:01:03]} 15. Bxe5 {[%emt 0:00:03]} Qxd1 {[%emt 0:00:25]} 16. Rxd1 {[%emt 0:00:03]} Rad8 {[%emt 0:00:15]} 17. Na3 {[%emt 0:25:49]} e3 {[%emt 0:07:01]} 18. fxe3 {[%emt 0:00:52]} Bxe3+ {[%emt 0:00:07]} 19. Kh2 {[%emt 0:09:31]} Rd5 {[%emt 0:03:52]} 20. Rxd5 {[%emt 0:01:44]} Bxd5 {[%emt 0:00:30]} 21. Nc2 {[%emt 0:00:36]} Bb6 {[%emt 0:06:36]} 22. Bd4 {[%emt 0:01:36]} Re8 {[%emt 0:01:49]} 23. Bxb6 {[%emt 0:01:25]} axb6 {[%emt 0:01:36]} 24. Nd4 {[%emt 0:00:26]} Re3 {[%emt 0:03:29]} 25. Rd1 {[%emt 0:05:56]} Bxa2 {[%emt 0:07:11]} 26. Rd2 {[%emt 0:00:37]} Bb1 {[%emt 0:01:47]} 27. Kg1 {[%emt 0:01:16]} Bg6 {[%emt 0:01:56]} 28. Kf2 {[%emt 0:00:24]} Re5 {[%emt 0:05:19]} 29. Kf3 {[%emt 0:01:14]} Be4+ {[%emt 0:01:52]} 30. Kf2 {[%emt 0:00:40]} Bg6 {[%emt 0:00:30]} 31. Kf3 {[%emt 0:00:36]} Be4+ {[%emt 0:00:53]} 1/2-1/2

[Event "FIDE Open Sachove Univerzity QCC"]
[Site "Ceske Budejovice"]
[Date "2020.07.09"]
[Round "4.1"]
[White "Rychlik, Zdenek"]
[Black "Svanda, Adam"]
[Result "0-1"]
[WhiteElo "1701"]
[BlackElo "1870"]
[Annotator "NA RC"]
[PlyCount "106"]
[EventDate "2020.07.01"]
[EventType "swiss"]
[EventCountry "CZE"]
[TimeControl "40/5400+30:1800+30"]

1. e4 {[%emt 0:00:00]} d5 {[%emt 0:00:00]} 2. exd5 {[%emt 0:00:00]} Qxd5 {[%emt 0:00:00]} 3. Nc3 {[%emt 0:00:40]} Qd6 {[%emt 0:00:00]} 4. d4 {[%emt 0:00:45]} Nf6 {[%emt 0:00:18]} 5. h3 {[%emt 0:01:36]} c6 {[%emt 0:00:31]} 6. Nf3 {[%emt 0:00:10]} Bf5 {[%emt 0:00:27]} 7. Bd3 {[%emt 0:00:53]} Bxd3 {[%emt 0:00:36]} 8. Qxd3 {[%emt 0:00:34]} Nbd7 {[%emt 0:01:33]} 9. Be3 {[%emt 0:03:42]} e6 {[%emt 0:02:48]} 10. O-O {[%emt 0:03:43]} Be7 {[%emt 0:02:29]} 11. Rad1 {[%emt 0:03:36]} O-O {[%emt 0:00:55]} 12. Qd2 {[%emt 0:02:58]} Qc7 {[%emt 0:01:55]} 13. a3 {[%emt 0:02:47]} Bd6 {[%emt 0:01:24]} 14. Rfe1 {[%emt 0:00:22]} Rfe8 {[%emt 0:03:51]} 15. Qc1 {[%emt 0:01:26]} Rad8 {[%emt 0:01:47]} 16. Ne2 {[%emt 0:04:22]} c5 {[%emt 0:04:24]} 17. c4 {[%emt 0:03:31]} Nb6 {[%emt 0:04:53]} 18. b3 {[%emt 0:01:32]} a6 {[%emt 0:03:20]} 19. dxc5 {[%emt 0:09:52]} Bxc5 {[%emt 0:00:13]} 20. Bxc5 {[%emt 0:03:22]} Qxc5 {[%emt 0:00:10]} 21. Ng3 {[%emt 0:00:33]} h6 {[%emt 0:07:12]} 22. a4 {[%emt 0:04:55]} Nbd7 {[%emt 0:07:03]} 23. Ne4 {[%emt 0:02:59]} Nxe4 {[%emt 0:01:21]} 24. Rxe4 {[%emt 0:00:09]} Nf6 {[%emt 0:00:23]} 25. Re3 {[%emt 0:04:24]} Rd6 {[%emt 0:04:02]} 26. Rxd6 {[%emt 0:04:18]} Qxd6 {[%emt 0:00:08]} 27. Re2 {[%emt 0:04:32]} Rd8 {[%emt 0:02:40]} 28. Rd2 {[%emt 0:02:28]} Qb6 {[%emt 0:00:29]} 29. Qc3 {[%emt 0:01:36]} Ne4 {[%emt 0:02:31]} 30. Rxd8+ {[%emt 0:00:02]} Qxd8 {[%emt 0:00:14]} 31. Qd4 {[%emt 0:03:03]} Qxd4 {[%emt 0:00:16]} 32. Nxd4 {[%emt 0:00:08]} Nc5 {[%emt 0:00:09]} 33. f4 {[%emt 0:01:15]} a5 {[%emt 0:08:13]} 34. Kf2 {[%emt 0:01:56]} f6 {[%emt 0:02:29]} 35. Ke3 {[%emt 0:00:31]} e5 {[%emt 0:00:31]} 36. fxe5 {[%emt 0:00:00]} fxe5 {[%emt 0:00:18]} 37. Nf3 {[%emt 0:00:01]} Nxb3 {[%emt 0:00:48]} 38. Nxe5 {[%emt 0:00:00]} Nc5 {[%emt 0:00:59]} 39. Kd4 {[%emt 0:00:57]} Nxa4 {[%emt 0:01:08]} 40. c5 {[%emt 0:00:30]} Nb2 {[%emt 0:09:19]} 41. Kc3 {[%emt 0:35:06]} Nd1+ {[%emt 0:30:11]} 42. Kb3 {[%emt 0:00:03]} Ne3 {[%emt 0:00:14]} 43. g4 {[%emt 0:01:51]} Nd5 {[%emt 0:02:46]} 44. Ka4 {[%emt 0:05:01]} Kf8 {[%emt 0:03:18]} 45. Kxa5 {[%emt 0:00:46]} Ke7 {[%emt 0:00:10]} 46. Kb5 {[%emt 0:00:52]} Ke6 {[%emt 0:00:49]} 47. Nf3 {[%emt 0:04:17]} Nf4 {[%emt 0:01:09]} 48. Nd4+ {[%emt 0:03:33]} Kd5 {[%emt 0:00:33]} 49. Nf5 {[%emt 0:00:10]} Nxh3 {[%emt 0:02:01]} 50. Nxg7 {[%emt 0:01:13]} Nf2 {[%emt 0:00:14]} 51. Nh5 {[%emt 0:00:43]} Nxg4 {[%emt 0:01:42]} 52. Kb6 {[%emt 0:00:25]} Ne5 {[%emt 0:01:57]} 53. Nf4+ {[%emt 0:03:38]} Kc4 {[%emt 0:00:22]} 0-1

[Event "FIDE Open Sachove Univerzity QCC"]
[Site "Ceske Budejovice"]
[Date "2020.07.04"]
[Round "4.1"]
[White "Skalicky, Jindrich"]
[Black "Trcka, Bohdan"]
[Result "1/2-1/2"]
[WhiteElo "1165"]
[BlackElo "1528"]
[Annotator "NA"]
[PlyCount "107"]
[EventDate "2020.07.01"]
[EventType "swiss"]
[EventCountry "CZE"]
[SourceTitle "playchess.com"]
[Source "ChessBase"]
[SourceQuality "1"]
[TimeControl "40/5400+30:1800+30"]

1. e4 {[%emt 0:00:00]} e5 {[%emt 0:32:17]} 2. Nf3 {[%emt 0:00:00]} d6 {[%emt 0:00:05]} 3. Bc4 {[%emt 0:00:00]} Be6 {[%emt 0:00:17]} 4. Bxe6 {[%emt 0:00:00]} fxe6 {[%emt 0:00:04]} 5. d4 {[%emt 0:00:12]} exd4 {[%emt 0:00:18]} 6. Nxd4 {[%emt 0:00:15]} e5 {[%emt 0:00:20]} 7. Ne6 {[%emt 0:01:04]} Qe7 {[%emt 0:00:24]} 8. Nxf8 {[%emt 0:01:46]} Qxf8 {[%emt 0:00:23]} 9. Qd5 {[%emt 0:03:53]} Nc6 {[%emt 0:00:35]} 10. Qe6+ {[%emt 0:02:57]} Qe7 {[%emt 0:00:14]} 11. Qxe7+ {[%emt 0:00:25]} Ngxe7 {[%emt 0:00:02]} 12. Be3 {[%emt 0:03:13]} O-O-O {[%emt 0:00:19]} 13. O-O {[%emt 0:02:14]} d5 {[%emt 0:00:09]} 14. exd5 {[%emt 0:00:35]} Nxd5 {[%emt 0:00:24]} 15. a3 {[%emt 0:02:50]} Nd4 {[%emt 0:00:30]} 16. Bxd4 {[%emt 0:00:49]} exd4 {[%emt 0:00:01]} 17. Nd2 {[%emt 0:01:24]} Nf6 {[%emt 0:00:34]} 18. Nf3 {[%emt 0:01:52]} Rd5 {[%emt 0:00:48]} 19. Rfd1 {[%emt 0:01:37]} c5 {[%emt 0:00:14]} 20. c3 {[%emt 0:03:15]} dxc3 {[%emt 0:00:14]} 21. bxc3 {[%emt 0:01:00]} Rhd8 {[%emt 0:00:37]} 22. Rxd5 {[%emt 0:00:55]} Rxd5 {[%emt 0:00:02]} 23. Ne1 {[%emt 0:05:56]} Ne4 {[%emt 0:00:14]} 24. Rc1 {[%emt 0:09:23]} Rd2 {[%emt 0:00:31]} 25. f3 {[%emt 0:00:58]} Nd6 {[%emt 0:00:17]} 26. Rb1 {[%emt 0:02:32]} Ra2 {[%emt 0:00:32]} 27. Rd1 {[%emt 0:03:09]} Kc7 {[%emt 0:00:16]} 28. Rd5 {[%emt 0:01:51]} b6 {[%emt 0:00:36]} 29. Rg5 {[%emt 0:02:00]} g6 {[%emt 0:00:07]} 30. h4 {[%emt 0:00:37]} Nf7 {[%emt 0:00:42]} 31. Rg4 {[%emt 0:01:08]} Rxa3 {[%emt 0:00:15]} 32. h5 {[%emt 0:01:50]} Ne5 {[%emt 0:01:12]} 33. Rg5 {[%emt 0:02:17]} Kd6 {[%emt 0:00:10]} 34. f4 {[%emt 0:01:03]} Nf7 {[%emt 0:00:22]} 35. Rg3 {[%emt 0:01:03]} gxh5 {[%emt 0:00:36]} 36. Rg7 {[%emt 0:00:53]} Ke6 {[%emt 0:00:19]} 37. Rxh7 {[%emt 0:00:26]} Rxc3 {[%emt 0:00:05]} 38. Rxh5 {[%emt 0:00:38]} a5 {[%emt 0:00:14]} 39. Kf2 {[%emt 0:01:01]} a4 {[%emt 0:00:12]} 40. Rh3 {[%emt 0:00:49]} Rxh3 {[%emt 0:00:18]} 41. gxh3 {[%emt 0:30:06]} Kf5 {[%emt 0:30:13]} 42. Kf3 {[%emt 0:00:35]} c4 {[%emt 0:00:16]} 43. h4 {[%emt 0:00:40]} b5 {[%emt 0:00:05]} 44. Nc2 {[%emt 0:00:30]} Nd6 {[%emt 0:00:50]} 45. h5 {[%emt 0:00:28]} c3 {[%emt 0:00:28]} 46. h6 {[%emt 0:00:42]} Kg6 {[%emt 0:00:10]} 47. h7 {[%emt 0:00:23]} Kxh7 {[%emt 0:00:05]} 48. Ke3 {[%emt 0:00:16]} Kg6 {[%emt 0:01:28]} 49. Kd3 {[%emt 0:00:41]} Kf5 {[%emt 0:00:11]} 50. Kxc3 {[%emt 0:00:46]} Kxf4 {[%emt 0:00:09]} 51. Kb4 {[%emt 0:01:50]} Ke4 {[%emt 0:00:17]} 52. Na3 {[%emt 0:00:50]} Kd3 {[%emt 0:00:19]} 53. Nxb5 {[%emt 0:00:52]} Nxb5 {[%emt 0:00:07]} 54. Kxa4 {[%emt 0:00:15]} 1/2-1/2

[Event "FIDE Open Sachove Univerzity QCC"]
[Site "Ceske Budejovice"]
[Date "2020.07.04"]
[Round "4.2"]
[White "Titera, Libor"]
[Black "Zelbova, Lada"]
[Result "1-0"]
[WhiteElo "1843"]
[BlackElo "1637"]
[Annotator "NA"]
[PlyCount "35"]
[EventDate "2020.07.01"]
[EventType "swiss"]
[EventCountry "CZE"]
[SourceTitle "playchess.com"]
[Source "ChessBase"]
[SourceQuality "1"]
[TimeControl "40/5400+30:1800+30"]

1. e4 {[%emt 0:00:00]} c5 {[%emt 0:00:00]} 2. Nf3 {[%emt 0:00:48]} d6 {[%emt 0:00:00]} 3. d4 {[%emt 0:00:10]} cxd4 {[%emt 0:00:00]} 4. Nxd4 {[%emt 0:00:08]} Nf6 {[%emt 0:00:00]} 5. Nc3 {[%emt 0:00:14]} a6 {[%emt 0:00:00]} 6. Be2 {[%emt 0:00:47]} e6 {[%emt 0:00:34]} 7. O-O {[%emt 0:00:16]} Be7 {[%emt 0:00:14]} 8. Be3 {[%emt 0:01:14]} O-O {[%emt 0:00:33]} 9. f4 {[%emt 0:03:22]} Nc6 {[%emt 0:04:48]} 10. Kh1 {[%emt 0:00:39]} Qc7 {[%emt 0:00:54]} 11. Qd2 {[%emt 0:05:26]} Rd8 {[%emt 0:01:21]} 12. Bf3 {[%emt 0:02:26]} Bd7 {[%emt 0:08:17]} 13. g4 {[%emt 0:00:44]} Na5 {[%emt 0:09:35]} 14. g5 {[%emt 0:12:50]} Ne8 {[%emt 0:00:10]} 15. f5 {[%emt 0:04:15]} Nc4 {[%emt 0:06:11]} 16. Qf2 {[%emt 0:00:41]} Nxb2 $18 {[%emt 0:11:47]} (16... Nxe3 $16 17. fxe6 (17. Qxe3 Qc5 $11) 17... Bxe6 18. Qxe3 (18. Nxe6 fxe6 19. Bg4 Nf5 $16) 18... Qc5) 17. fxe6 {[%emt 0:01:37]} Kh8 {[%emt 0:34:12]} 18. Nd5 {[%emt 0:02:46]} 1-0

[Event "FIDE Open Sachove Univerzity QCC"]
[Site "Ceske Budejovice"]
[Date "2020.07.04"]
[Round "4.2"]
[White "Zezula, Matej"]
[Black "Roubal, Matyas"]
[Result "1/2-1/2"]
[WhiteElo "1125"]
[BlackElo "1443"]
[Annotator "NA"]
[PlyCount "158"]
[EventDate "2020.07.01"]
[EventType "swiss"]
[EventCountry "CZE"]
[SourceTitle "playchess.com"]
[Source "ChessBase"]
[SourceQuality "1"]
[TimeControl "40/5400+30:1800+30"]

1. e4 {[%emt 0:00:00]} d5 {[%emt 0:00:00]} 2. exd5 {[%emt 0:00:00]} Nf6 {[%emt 0:00:00]} 3. d4 {[%emt 0:00:57]} Nxd5 {[%emt 0:00:00]} 4. c4 {[%emt 0:01:12]} Nb4 {[%emt 0:00:37]} 5. Nf3 {[%emt 0:02:41]} N8c6 {[%emt 0:02:03]} 6. d5 {[%emt 0:02:14]} Bf5 {[%emt 0:03:19]} 7. Na3 {[%emt 0:04:14]} e6 {[%emt 0:02:25]} 8. dxc6 {[%emt 0:02:36]} Qxd1+ {[%emt 0:00:09]} 9. Kxd1 {[%emt 0:01:01]} O-O-O+ {[%emt 0:00:07]} 10. Bd2 {[%emt 0:01:53]} Bd3 {[%emt 0:00:43]} 11. Ne5 {[%emt 0:07:18]} Bg6 {[%emt 0:03:51]} 12. cxb7+ {[%emt 0:01:35]} Kxb7 {[%emt 0:00:09]} 13. Nxg6 {[%emt 0:08:23]} hxg6 {[%emt 0:00:21]} 14. g3 {[%emt 0:00:57]} Bc5 {[%emt 0:00:31]} 15. Bg2+ {[%emt 0:00:44]} c6 {[%emt 0:00:03]} 16. Ke2 {[%emt 0:03:11]} Nd3 {[%emt 0:02:57]} 17. Be3 {[%emt 0:07:47]} Bxe3 {[%emt 0:01:51]} 18. Kxe3 {[%emt 0:02:03]} Nxb2 {[%emt 0:00:40]} 19. Rab1 {[%emt 0:01:58]} Rd3+ {[%emt 0:00:09]} 20. Ke2 {[%emt 0:00:33]} Rxa3 {[%emt 0:00:05]} 21. Rxb2+ {[%emt 0:00:13]} Kc7 {[%emt 0:00:05]} 22. h3 {[%emt 0:04:47]} Rc3 {[%emt 0:00:39]} 23. Rhb1 {[%emt 0:01:23]} Rxc4 {[%emt 0:01:01]} 24. Rb7+ {[%emt 0:00:21]} Kd6 {[%emt 0:00:11]} 25. Rd1+ {[%emt 0:00:44]} Kc5 {[%emt 0:00:28]} 26. Rxf7 {[%emt 0:01:59]} Rb8 {[%emt 0:02:38]} 27. Rd2 {[%emt 0:01:38]} a5 {[%emt 0:00:55]} 28. Rxg7 {[%emt 0:01:16]} a4 {[%emt 0:00:31]} 29. Rxg6 {[%emt 0:00:49]} a3 {[%emt 0:00:21]} 30. Rg5+ {[%emt 0:01:19]} Kb4 {[%emt 0:01:16]} 31. Rg4 {[%emt 0:01:47]} Rxg4 {[%emt 0:00:05]} 32. hxg4 {[%emt 0:01:09]} c5 {[%emt 0:00:03]} 33. Be4 {[%emt 0:01:23]} Rg8 {[%emt 0:00:20]} 34. f3 {[%emt 0:01:29]} c4 {[%emt 0:00:13]} 35. Bc2 {[%emt 0:04:46]} Kc3 {[%emt 0:00:45]} 36. Bb1 {[%emt 0:02:47]} Rb8 {[%emt 0:00:57]} 37. Rc2+ {[%emt 0:00:22]} Kd4 {[%emt 0:00:28]} 38. Rc1 {[%emt 0:01:24]} Rb2+ {[%emt 0:00:06]} 39. Kf1 {[%emt 0:02:14]} Ke3 {[%emt 0:01:24]} 40. Rd1 {[%emt 0:02:57]} Kxf3 {[%emt 0:02:28]} 41. Rc1 {[%emt 0:38:25]} Kxg3 {[%emt 0:32:42]} 42. g5 {[%emt 0:03:00]} Kf4 {[%emt 0:06:03]} 43. g6 {[%emt 0:00:54]} Rb7 {[%emt 0:00:12]} 44. Rxc4+ {[%emt 0:00:59]} Ke5 {[%emt 0:00:13]} 45. Bc2 {[%emt 0:04:33]} Kf6 {[%emt 0:01:25]} 46. Rg4 {[%emt 0:01:48]} Kg7 {[%emt 0:00:11]} 47. Bb3 {[%emt 0:01:25]} e5 {[%emt 0:00:17]} 48. Ke2 {[%emt 0:00:18]} Rb6 {[%emt 0:00:45]} 49. Ke3 {[%emt 0:00:23]} Rb7 {[%emt 0:00:44]} 50. Bf7 {[%emt 0:01:28]} Rb1 {[%emt 0:00:28]} 51. Ra4 {[%emt 0:00:57]} Rh1 {[%emt 0:00:23]} 52. Ra7 {[%emt 0:01:39]} Rh3+ {[%emt 0:01:01]} 53. Ke4 {[%emt 0:00:51]} Kf6 {[%emt 0:00:41]} 54. Ra6+ {[%emt 0:01:20]} Kg7 {[%emt 0:00:06]} 55. Kxe5 {[%emt 0:00:40]} Rh5+ {[%emt 0:00:12]} 56. Ke6 {[%emt 0:00:24]} Rh3 {[%emt 0:00:10]} 57. Kd6 {[%emt 0:01:17]} Rf3 {[%emt 0:00:12]} 58. Kc5 {[%emt 0:00:23]} Rf5+ {[%emt 0:00:33]} 59. Kb4 {[%emt 0:00:12]} Rf4+ {[%emt 0:00:04]} 60. Bc4 {[%emt 0:00:22]} Rh4 {[%emt 0:00:09]} 61. Rxa3 {[%emt 0:00:36]} Kxg6 {[%emt 0:00:08]} 62. Ra6+ {[%emt 0:00:13]} Kg7 {[%emt 0:01:30]} 63. a4 {[%emt 0:00:11]} Kf8 {[%emt 0:00:10]} 64. Rc6 {[%emt 0:00:38]} Ke7 {[%emt 0:00:15]} 65. a5 {[%emt 0:00:15]} Kd7 {[%emt 0:00:04]} 66. Rc5 {[%emt 0:00:24]} Rh8 {[%emt 0:01:03]} 67. a6 {[%emt 0:01:14]} Ra8 {[%emt 0:00:28]} 68. Bb5+ {[%emt 0:01:00]} Kd6 {[%emt 0:00:42]} 69. Rc6+ {[%emt 0:00:11]} Kd5 {[%emt 0:00:07]} 70. Rc7 {[%emt 0:00:24]} Kd6 {[%emt 0:00:18]} 71. Rd7+ {[%emt 0:00:26]} Ke6 {[%emt 0:00:05]} 72. a7 {[%emt 0:00:28]} Rc8 {[%emt 0:00:09]} 73. Ka5 {[%emt 0:00:25]} Ra8 {[%emt 0:00:50]} 74. Kb6 {[%emt 0:00:11]} Rc8 {[%emt 0:00:06]} 75. Bc6 {[%emt 0:00:15]} Rh8 {[%emt 0:00:10]} 76. a8=Q {[%emt 0:00:19]} Rxa8 {[%emt 0:00:05]} 77. Rb7 {[%emt 0:00:51]} Ra1 {[%emt 0:00:30]} 78. Bd7+ {[%emt 0:00:23]} Kd6 {[%emt 0:00:16]} 79. Bb5 {[%emt 0:00:41]} Rb1 {[%emt 0:00:36]} 1/2-1/2

[Event "FIDE Open Sachove Univerzity QCC"]
[Site "Ceske Budejovice"]
[Date "2020.07.04"]
[Round "4.3"]
[White "Svetly, Jiri"]
[Black "Dusanek, Michal"]
[Result "1-0"]
[WhiteElo "1835"]
[BlackElo "1500"]
[Annotator "NA"]
[PlyCount "49"]
[EventDate "2020.07.01"]
[EventType "swiss"]
[EventCountry "CZE"]
[SourceTitle "playchess.com"]
[Source "ChessBase"]
[SourceQuality "1"]
[TimeControl "40/5400+30:1800+30"]

1. d4 {[%emt 0:00:00]} Nf6 {[%emt 0:00:32]} 2. c4 {[%emt 0:00:01]} g6 {[%emt 0:00:08]} 3. Nc3 {[%emt 0:00:04]} d5 {[%emt 0:00:04]} 4. cxd5 {[%emt 0:00:11]} Nxd5 {[%emt 0:00:05]} 5. Bd2 {[%emt 0:00:09]} Nxc3 {[%emt 0:01:05]} 6. Bxc3 {[%emt 0:00:06]} Bg7 {[%emt 0:00:54]} 7. e4 {[%emt 0:00:08]} c5 {[%emt 0:00:15]} 8. d5 {[%emt 0:01:42]} Bxc3+ {[%emt 0:03:48] D85: Exchange Grünfeld: Unusual White 7th moves and lines with 7 Nf3.} 9. bxc3 {[%emt 0:00:39]} O-O {[%emt 0:01:13]} 10. c4 {[%emt 0:04:23] [#]} a6 $146 {[%emt 0:04:00]} ({Predecessor:} 10... e6 11. Be2 exd5 12. exd5 Re8 13. Rb1 Qg5 14. Kf1 b6 15. h4 Qf6 16. h5 g5 {½-½ (41) Skorohodov,I (2260)-Ovechkin,I (2334) Dubna 2001}) 11. Qd2 {[%emt 0:03:59]} Qd6 {[%emt 0:04:33]} 12. Bd3 {[%emt 0:07:19]} Rd8 {[%emt 0:03:49]} 13. f4 {[%emt 0:03:25]} e5 {[%emt 0:02:30]} 14. Ne2 {[%emt 0:02:48]} Nc6 {[%emt 0:02:56]} 15. O-O {[%emt 0:02:18]} Bg4 {[%emt 0:12:50]} 16. Ng3 {[%emt 0:02:27]} Bc8 {[%emt 0:07:00]} 17. f5 {[%emt 0:03:25]} Nd4 {[%emt 0:01:15]} 18. fxg6 {[%emt 0:07:20]} fxg6 $2 {[%emt 0:03:22] [#]} (18... Qxg6 19. Ne2 Bg4) 19. Qg5 $18 {[%emt 0:07:12]} Rf8 {[%emt 0:17:15]} 20. Rxf8+ {[%emt 0:05:53]} Kxf8 {[%emt 0:00:39]} 21. Rf1+ {[%emt 0:06:21]} Kg8 {[%emt 0:00:47]} 22. Rf6 {[%emt 0:06:15]} Qc7 {[%emt 0:00:49]} 23. Nh5 {[%emt 0:05:55]} b5 {[%emt 0:04:12]} 24. d6 {[%emt 0:03:33]} Qd7 {[%emt 0:00:32]} 25. Rxg6+ {[%emt 0:00:59]} 1-0